Samadhi Vichar (Record no. 1405743)

MARC details
000 -LEADER
fixed length control field 00561nam a2200253Ia 4500
008 - FIXED-LENGTH DATA ELEMENTS--GENERAL INFORMATION
fixed length control field 161109s9999||||xx |||||||||||||| ||und||
040 ## - CATALOGING SOURCE
Transcribing agency Gujrati
082 ## - DEWEY DECIMAL CLASSIFICATION NUMBER
Classification number X.B
082 ## - DEWEY DECIMAL CLASSIFICATION NUMBER
Item number BORI-37775
245 ## - TITLE STATEMENT
Title Samadhi Vichar
260 ## - PUBLICATION, DISTRIBUTION, ETC. (IMPRINT)
Place of publication, distribution, etc Mahesana
260 ## - PUBLICATION, DISTRIBUTION, ETC. (IMPRINT)
Name of publisher, distributor, etc Shree Jain Shreyaskar Mandal
260 ## - PUBLICATION, DISTRIBUTION, ETC. (IMPRINT)
Date of publication, distribution, etc 1914
300 ## - PHYSICAL DESCRIPTION
Extent 83
300 ## - PHYSICAL DESCRIPTION
Dimensions E
300 ## - PHYSICAL DESCRIPTION
Accompanying material Paperback
530 ## - ADDITIONAL PHYSICAL FORM AVAILABLE NOTE
Uniform Resource Identifier <a href="000037775.pdf">000037775.pdf</a>
563 ## - BINDING INFORMATION
Binding note Text
630 ## - SUBJECT ADDED ENTRY--UNIFORM TITLE
Uniform title Samadhi Vichar
650 ## - SUBJECT ADDED ENTRY--TOPICAL TERM
Topical term or geographic name as entry element Buddhism & Jainism
650 ## - SUBJECT ADDED ENTRY--TOPICAL TERM
Topical term or geographic name as entry element Jainism
730 ## - ADDED ENTRY--UNIFORM TITLE
Uniform title Samadhi Vichar
942 ## - ADDED ENTRY ELEMENTS (KOHA)
Koha item type Book
Holdings
Withdrawn status Lost status Damaged status Not for loan Home library Current library Date acquired Total Checkouts Full call number Barcode Date last seen Price effective from Koha item type
        Bhandarkar Oriental Research Institute, Pune Bhandarkar Oriental Research Institute, Pune     BORI-37775 BORI-37775 11/09/2016 11/09/2016 Book